Welcome to University of Cape Coast Library, Online Public Access Catalogue (OPAC)

Organic chemistry : (Record no. 20541)

MARC details
000 -LEADER
fixed length control field 00816nam a2200253 a 4500
001 - CONTROL NUMBER
control field 2145707
005 - DATE AND TIME OF LATEST TRANSACTION
control field 20220304140401.0
008 - FIXED-LENGTH DATA ELEMENTS--GENERAL INFORMATION
fixed length control field 990128s1999 maua 001 0 eng
010 ## - LIBRARY OF CONGRESS CONTROL NUMBER
LC control number 98072019
020 ## - INTERNATIONAL STANDARD BOOK NUMBER
International Standard Book Number 0395902231
040 ## - CATALOGING SOURCE
Original cataloging agency DLC
Transcribing agency DLC
050 00 - LIBRARY OF CONGRESS CALL NUMBER
Classification number QD251.2
Item number .E34 1999
082 00 - DEWEY DECIMAL CLASSIFICATION NUMBER
Classification number 547
Edition number 21
100 1# - MAIN ENTRY--PERSONAL NAME
Personal name Eğe, Seyhan N.
9 (RLIN) 18456
245 10 - TITLE STATEMENT
Title Organic chemistry :
Remainder of title structure and reactivity /
Statement of responsibility, etc. Seyhan N. Eğe.
250 ## - EDITION STATEMENT
Edition statement 4th ed.
260 ## - PUBLICATION, DISTRIBUTION, ETC.
Place of publication, distribution, etc. Boston :
Name of publisher, distributor, etc. Houghton Mifflin,
Date of publication, distribution, etc. c1999.
300 ## - PHYSICAL DESCRIPTION
Extent xxxii, 1148 p. :
Other physical details ill. (some col.) ;
Dimensions 26 cm.
500 ## - GENERAL NOTE
General note Includes index.
650 #0 - SUBJECT ADDED ENTRY--TOPICAL TERM
Topical term or geographic name entry element Chemistry, Organic.
9 (RLIN) 1382
906 ## - LOCAL DATA ELEMENT F, LDF (RLIN)
a 7
b cbc
c orignew
d 2
e opcn
f 19
g y-gencatlg
942 ## - ADDED ENTRY ELEMENTS (KOHA)
Koha item type Books
Holdings
Lost status Collection code Home library Shelving location Date acquired Total Checkouts Full call number Barcode Date last seen Date last checked out Koha item type
  Open UCC Main Library   02/20/2018 4 QD251.Eg2 30261101881284 10/15/2022 10/12/2020 Books
Koha©2022 UCC.All Right Reserved.Site Developed by Sam Jonah Library IT Team
<Home | Contact | Library publications |Research Tools | Research Guides |https://ucclivechat.library-gh.net/index.php/chat

If you have questions or concern please contact the Library.



PMB, University of Cape Coast

KOHA HOME